عرض عادي
عرض مارك
- Springer, Paul.
مدخل إسم شخص
001 - رقم الضبط
- حقل الضبط: 15110
003 - معرف رقم الضبط
- حقل الضبط: OSt
005 - تاريخ ووقت أخر عملية
- حقل الضبط: 20120530020925.0
008 - عناصر بيانات ثابتة الطول
- حقل تحكم ثابت الطول: 120530|||a|||||| | ||| d
040 ## - مصدر الفهرسة
- هيئة الفهرسة الأصلية: OSt
- وكالة الكتابة: OSt
100 ## - مدخل -- أسم شخص
- إسم شخص: Springer, Paul.
670 ## - بيانات المصدر موجوده
- الاستشهاد بالمصدر: Work cat.: (OSt)0: Springer, Paul., Ads to icons :, 2009.
